000 00617nam a2200229Ia 4500
003 OSt
005 20221007071837.0
006 a|||||r|||| 00| 0
007 ta
008 221006b |||||||| |||| 00| 0 eng d
024 _a12,811
037 _cTextual
040 _aFLL
_cFLL
_beng
041 _2eng
_aeng
082 _aV3:2:Z, N5
100 _aBarnett Hilaire Au.
_9689546
245 0 _aConstitutional and administrative law
260 _aLondon
_bLawMan pvt. London
_c1995
300 _alvi,836p
_ccm.
942 _hV3:2:Z, N5
_cTEXL
_2CC
999 _c1144477
_d1144477